Statistics for Major Football Trophy Winners

Click here to take the quiz!

General Stats

  • This quiz has been taken 21 times
  • The average score is 135 of 144

Answer Stats

HintAnswer% Correct
2000 | 2001 | 2003 | +14 othersBayern Munich
100%
2002 | 2009 | 2011 | 2012Borussia Dortmund
100%
2005 | 2006 | 2010 | +4 othersChelsea
100%
2002 | 2003 | 2012 | +8 othersJuventus
100%
2016Leicester City
100%
2005 | 2019 | 2020Liverpool
100%
2012 | 2014 | 2018 | +4 othersManchester City
100%
2000 | 2001 | 2003 | +5 othersManchester United
100%
2000 | 2001 | 2002 | +10 othersReal Madrid
100%
2002 | 2004Arsenal
95%
2005 | 2006 | 2009 | +8 othersBarcelona
95%
2006 | 2007 | 2008 | +3 othersInter Milan
95%
2013 | 2014 | 2015 | +6 othersPSG
95%
2014 | 2021Atlético Madrid
90%
2002 | 2003 | 2004 | +4 othersLyon
90%
2003 | 2004 | 2007 | +2 othersMilan
90%
2011 | 2021Lille
85%
2000 | 2017Monaco
85%
2000Lazio
80%
2023Napoli
80%
2001Roma
80%
2010Marseille
75%
2002 | 2004Valencia
75%
2010Vfl Wolfsburg
75%
2012Montpellier
70%
2000Deportivo La Coruña
65%
2009Bordeaux
60%
2007VfB Stuttgart
60%
2004Werder Bremen
60%
2004Porto
50%
2001Nantes
45%
2005No Winner
5%

Score Distribution

Percentile by Number Answered

Percent of People with Each Score

Your Score History

You have not taken this quiz